[Event "RUS-chT 06th"]
[Site "St Petersburg"]
[Date "1999.05.23"]
[Round "8"]
[White "Sivokho, Sergey V"]
[Black "Svirin, Oleg"]
[Result "1-0"]
[WhiteElo "2435"]
[BlackElo "2368"]
[Annotator "Wedberg,T"]
[PlyCount "107"]
[EventDate "1999.05.16"]
[EventType "team-tourn"]
[EventRounds "9"]
[EventCountry "RUS"]
[SourceTitle "EXT 2020"]
[Source "ChessBase"]
[SourceDate "2019.10.17"]
[SourceVersion "1"]
[SourceVersionDate "2019.10.17"]
[SourceQuality "1"]
[WhiteTeam "Murmansk OShK"]
[BlackTeam "Smolensk TsEM"]
[WhiteTeamCountry "RUS"]
[BlackTeamCountry "RUS"]

1. e4 e5 2. Nf3 Nc6 3. Bb5 a6 4. Ba4 Nf6 5. O-O Be7 6. Bxc6 dxc6 7. Qe1 O-O $6
{I don´t believe in this sacrifice.} 8. Nxe5 Bd6 (8... Re8 9. d3 Bd6 10. Nc4
$16 {1-0 Gilbert,J-Nonaka/Siegen 1970/MCD (19)}) (8... Qd4 9. Nf3 Qxe4 $2 10.
Qxe4 Nxe4 11. Re1 f5 12. d3 $18) 9. Nc4 Bxh2+ 10. Kxh2 Ng4+ 11. Kg3 $8 h5 12.
Ne3 h4+ 13. Kf3 Nh2+ 14. Ke2 Nxf1 15. Kxf1 $16 Qd6 16. Kg1 {The white K is
rotating - but not in his grave.} Bd7 17. d3 Rae8 18. Nc4 Qg6 19. f4 h3 20. g3
f5 21. e5 h2+ $5 {Else White should win just by bringing out his pieces.} 22.
Kxh2 Qh5+ 23. Kg1 Rf6 24. Nbd2 Rh6 25. Kf2 (25. Nf1 Be6 26. Nce3 $16) 25...
Qh2+ 26. Ke3 {The K is quite safe here.} Rh3 27. Nf1 {Keeping the g-P but
losing the important c-P.There is some hope for Black after this.} (27. Kd4 $5
{with the intention of cocooning on the Q-side.}) 27... Qxc2 28. Qd2 Qa4 29. b3
Qb5 30. Qg2 Rh6 31. Bb2 Be6 32. Kd2 a5 33. Kc2 a4 34. Nfd2 Ra8 35. Rf1 axb3+
36. axb3 Qc5 37. Qf2 Qe7 38. g4 $1 $40 {With everything in order White goes on
the offensive.} Rh3 39. Qg2 fxg4 40. f5 Bxc4 41. dxc4 Qd7 42. Qxg4 Qd3+ 43. Kc1
Rg3 44. Qe4 Qxe4 45. Nxe4 Rxb3 46. f6 gxf6 47. exf6 Kf7 48. Rg1 Rb4 49. Rg7+
Ke6 50. Ng5+ Kd6 51. c5+ Kxc5 52. f7 Rc4+ 53. Kb1 Rf4 54. Ne6+ 1-0

[Event "PCA-Wch Candidates m1 playoff"]
[Site "New York"]
[Date "1994.??.??"]
[Round "13"]
[White "Tiviakov, Sergei"]
[Black "Adams, Michael"]
[Result "1/2-1/2"]
[WhiteElo "2630"]
[BlackElo "2660"]
[Annotator "Wedberg,T"]
[PlyCount "115"]
[EventDate "1994.06.??"]
[EventType "match"]
[EventRounds "6"]
[EventCountry "USA"]
[SourceTitle "CBM 042"]
[Source "ChessBase"]
[SourceDate "1994.10.01"]
[SourceVersion "1"]
[SourceVersionDate "1994.10.01"]
[SourceQuality "1"]

1. e4 e5 2. Nf3 Nc6 3. Bb5 a6 4. Ba4 Nf6 5. O-O Be7 6. Bxc6 dxc6 7. Qe2 Bg4 8.
h3 Bxf3 9. Qxf3 O-O 10. d3 Nd7 11. Qg3 f6 {N} 12. f4 exf4 13. Bxf4 Nc5 $1 14.
Nc3 (14. Bxc7 $2 Qd4+ 15. Kh1 Qxb2 $17) 14... Ne6 15. Be3 Bc5 16. Bxc5 Nxc5 17.
Rf5 Ne6 18. Raf1 Nd4 19. R5f2 Qe7 $10 20. Nd1 Qd6 21. Qg4 Qe6 22. Qxe6+ Nxe6
23. Ne3 Rad8 24. g4 Rfe8 25. Kg2 c5 26. Kg3 b5 27. b3 c6 28. Rf5 Re7 29. h4 h6
30. Kf2 c4 31. bxc4 bxc4 32. Nxc4 Nd4 33. Ne3 Nxf5 34. gxf5 Rb7 35. Nc4 Rb4 36.
Ke3 h5 37. a3 Rb5 38. Kd2 Kf7 39. Kc3 g6 40. a4 Rb7 41. e5 fxe5 42. Nxe5+ Kf6
43. Nxg6 Rd5 44. Nf4 Rxf5 45. Nxh5+ Kg6 46. Nf4+ Kh6 47. Kd2 Rbf7 48. Ke3 Re7+
49. Kd2 c5 50. Rf2 Ref7 51. Ke3 Re7+ 52. Kf3 Ref7 53. Kg4 R5f6 54. Kg3 Rg7+ 55.
Kf3 Rgf7 56. Ke4 Re7+ 57. Kf3 Ref7 58. Ke4 1/2-1/2

[Event "Tilburg Fontys"]
[Site "Tilburg"]
[Date "1996.10.21"]
[Round "9"]
[White "Sutovsky, Emil"]
[Black "Adams, Michael"]
[Result "0-1"]
[WhiteElo "2565"]
[BlackElo "2685"]
[Annotator "Wedberg,T"]
[PlyCount "60"]
[EventDate "1996.10.11"]
[EventType "tourn"]
[EventRounds "11"]
[EventCountry "NED"]
[EventCategory "16"]
[SourceTitle "CBM 056"]
[Source "ChessBase"]
[SourceDate "1997.02.01"]
[SourceVersion "1"]
[SourceVersionDate "1997.02.01"]
[SourceQuality "1"]

1. e4 e5 2. Nf3 Nc6 3. Bb5 a6 4. Ba4 Nf6 5. O-O Be7 6. Bxc6 dxc6 7. Qe2 c5 8.
d3 (8. Nxe5 Qd4 9. Nf3 Qxe4 10. Qxe4 Nxe4 11. d3 Nf6 12. Re1 h6 13. Bf4 Nd5 14.
Be5 f6 15. Nc3 Nxc3 16. Bxc3 Kf7 $15 {0-1 Xie Jun-Nikolic,P/Monaco blind 1996 
(33)}) 8... Nd7 9. Nbd2 (9. Nc3 O-O 10. Be3 Re8 11. a4 a5 12. Nd2 Nf8 13. Nc4
Ng6 14. Qd2 Be6 15. b3 b6 $13 {1-0 Hernandez,G-Thipsay,P/Ubeda op 1996 (30)})
9... O-O (9... b5 10. Rd1 O-O 11. Nf1 Bd6 12. Ng3 {1/2-1/2 Poluljahov,
A-Ibragimov,I/RUS-ch Elista 1994}) 10. Nc4 (10. h3 Re8 11. Nc4 Bd6 12. Nh2 b5
13. Ne3 Nf8 14. a4 Bd7 15. axb5 axb5 16. Rxa8 Qxa8 17. Nf5 Ng6 18. g3 Ne7 19.
Nxe7+ Rxe7 $13 {Winants,L-Ziatdinov,R/Antwerpen op 1994/1/2-1/2 (101)}) 10...
Bd6 11. Nfd2 Nb8 $1 {The manouvre c5 followed by Nd7-b8-c6 is a standard way
to equalize in this line. Nevertheless its not used very often by Black.} 12.
f4 $6 (12. Nxd6 cxd6 13. Nc4 (13. f4 exf4 14. Rxf4 Nc6 $11) 13... Be6 $11)
12... exf4 13. e5 $2 {After this compromising move White has a poor game. As
the game opens up Blacks B:s come to life and Whites N:s finds no secure
squares to cling to.} (13. Nxd6 Qxd6 (13... cxd6 14. Rxf4 Nc6 $11) 14. Nc4 Qd4+
15. Kh1 g5 16. Bd2 $13) 13... Be7 14. Rxf4 Nc6 15. Nf3 Be6 16. b3 b5 17. Ne3 f5
$1 18. exf6 (18. h4 Nd4 19. Qf2 Nxf3+ 20. Qxf3 g5 (20... Bxh4 21. Qc6) 21. Qg3
Kh8 22. hxg5 Bxg5 23. Ba3 Bxf4 24. Qxf4 Qe7 $17) 18... Bxf6 19. Rb1 Qd6 20. Re4
Nd4 21. Nxd4 Bxd4 22. Kh1 Bc8 23. Bd2 Bb7 24. Rg4 Rae8 $19 25. c3 (25. Re1 Qf6
26. Kg1 Re6 27. Rg3 Rfe8 $17) 25... Be5 26. Rh4 Bf4 27. Rh3 (27. Rf1 $2 Bxe3
$19) (27. Re1 g5 (27... Rd8 $17) 28. Rh5 Qg6 29. Rh3 Bc8 $19) 27... Bc8 $1 $19
28. Rh4 g5 29. Rh5 Qg6 30. Rf1 Rf7 0-1

[Event "Athens Acropolis op"]
[Site "Athens"]
[Date "2005.03.14"]
[Round "9"]
[White "Solak, Dragan"]
[Black "Obodchuk, Andrei"]
[Result "1-0"]
[WhiteElo "2596"]
[BlackElo "2442"]
[Annotator "Wedberg,T"]
[PlyCount "62"]
[EventDate "2005.03.06"]
[EventType "swiss"]
[EventRounds "9"]
[EventCountry "GRE"]
[SourceTitle "CBM 105 Extra"]
[Source "ChessBase"]
[SourceDate "2005.05.01"]
[SourceVersion "1"]
[SourceVersionDate "2005.05.01"]
[SourceQuality "1"]

1. e4 e5 2. Nf3 Nc6 3. Bb5 a6 4. Ba4 Nf6 5. O-O Be7 6. Bxc6 {This is a fairly
good compromise for White. He avoids a lot of theory in the standard lines,
but he still retains chances to get a little something out of the opening.}
dxc6 7. d3 Nd7 8. Nbd2 O-O 9. Nc4 f6 10. Nh4 Nc5 11. Nf5 {This is the old
mainline that Vlastimil Hort used to win games with in the 1960's. The basic
positional idea is to expoit the square e4 after Black has exchanged on f5.} (
11. Be3 {is possible but almost untried.}) (11. Qf3 {is also reasonable.})
11... Ne6 (11... Bxf5 12. exf5 Qd5 13. Qg4 e4 14. Re1 Rfe8 15. Ne3 Qe5 (15...
Qd4 16. Nd1 Bf8 17. Be3 Qa4 18. d4 Nd7 19. c3 c5 20. b3 Qc6 21. Rc1 c4 22. Bf4
b5 23. Rc2 {1/2-1/2 Wedberg,T-Hjartarson,J/Neskaupstad 1984/MCD}) 16. Nf1 $1
Bf8 17. Ng3 Rad8 18. h4 Qd4 19. dxe4 Qc4 20. Be3 $14 {1-0 Ivanchuk,V-Kramnik,V/
Monaco 2002/CBM 087 ext (37)}) 12. Nxe7+ (12. Qg4 Kh8 13. Qh4 Bc5 14. Be3 Bxe3
15. fxe3 c5 16. Rf2 b5 17. Nd2 Ng5 18. Qg3 g6 19. Nh6 Be6 20. Raf1 Kg7 21. Ng4
Bxg4 22. Qxg4 Qd6 23. h4 Ne6 24. h5 $36 {1-0 Hort,V-Kostro,J/Polanica Zdroj
1964/MCD (33)}) 12... Qxe7 13. b3 a5 (13... Rd8 14. Kh1 Qe8 15. a4 b6 16. f4
exf4 17. Bxf4 Nxf4 18. Rxf4 Be6 19. Ne3 b5 20. Qd2 Qd7 21. Raf1 c5 22. Qf2 c4
$132 {1/2-1/2 Sarwat,W-Tissir,M/Abu Dhabi 2002/CBM 089 ext (74)}) 14. a4 b6 15.
f4 exf4 16. Bxf4 f5 {Black wants to exchange down to a dead ending.} (16...
Nxf4 17. Rxf4 Be6 18. Ne3 $14) 17. exf5 Nxf4 18. Rxf4 Bxf5 19. Qf3 Bd7 20. Rf1
Rxf4 21. Qxf4 Rf8 22. Qe5 Qxe5 23. Nxe5 Rxf1+ 24. Kxf1 Be8 25. d4 $14 {Clearly
White must be slightly better with such a dominating knight in the middle of
the board. But is it lost?} Kf8 26. Ke2 Ke7 27. Ke3 b5 $2 {Now a5 is a serious
wekness.} (27... Ke6 $142) 28. Nd3 Bg6 29. Nc5 Be8 (29... Bxc2 30. Kd2 Bf5 31.
b4 $1 $18) 30. b4 $1 $18 bxa4 31. bxa5 Bg6 1-0

[Event "Cancan Veterans-Women"]
[Site "Roquebrune"]
[Date "1998.09.15"]
[Round "8"]
[White "Xie, Jun"]
[Black "Smyslov, Vassily V"]
[Result "1/2-1/2"]
[WhiteElo "2510"]
[BlackElo "2500"]
[Annotator "Wedberg,T"]
[PlyCount "63"]
[EventDate "1998.09.07"]
[EventType "schev"]
[EventRounds "12"]
[EventCountry "FRA"]
[SourceTitle "CBM 067"]
[Source "ChessBase"]
[SourceDate "1998.11.30"]
[SourceVersion "2"]
[SourceVersionDate "1998.11.01"]
[SourceQuality "1"]

{[%mdl 8]} 1. e4 e5 2. Nf3 Nc6 3. Bb5 a6 4. Ba4 Nf6 5. O-O Be7 6. Bxc6 dxc6 7.
d3 Nd7 8. Nbd2 O-O 9. Nc4 f6 10. Nh4 Nc5 11. Be3 {Unusual, but as we will see
Xie Jun has a reason for waiting to develop the Q.} (11. Qf3 {is main line.}) (
11. Nf5 {also main line, but very drawish.}) 11... Re8 12. Qh5 $146 {The Q
always goes to f3 in this line, so this is a new twist. When the Q goes to f3
the destination is often g3 to put pressure on g7. I don't know the reasoning
behind putting the Q on h5, but it looks like White is trying to get a more
direct attack going. One point of the move is that g6 is prevented.} (12. f4
exf4 13. Rxf4 g6 14. Rf1 Be6 15. b3 Bf8 16. Qf3 f5 17. Qg3 $36 {1/2-1/2 Hort,
V-Nikolic,P/Wijk aan Zee 1982/MCD-r8 (29)}) 12... Ne6 13. Kh1 (13. g3 $5 {
this looks much more logical with the idea to start attacking with f4.}) 13...
Bf8 14. Nf5 Kh8 15. Qh4 c5 16. a4 Nd4 17. Nxd4 cxd4 18. Bd2 Be6 19. Na3 Qd7 $17
{Black has a nice position now, P:s straightened out and everything. Whites
dreams have come to nothing on the K-side.} 20. a5 b5 (20... Qc6 $5) 21. axb6
cxb6 22. f4 exf4 23. Qxf4 b5 24. b4 Bd6 25. Qf2 Rac8 $2 {Why?} (25... Be5 {
Black is much better, some people would say winning, just look at that N at a3.
}) 26. Qxd4 {Thanks.} Qc7 27. Qg1 Be5 28. d4 Bd6 29. Rae1 Bf7 30. Re3 Bg6 31.
Rfe1 Qb8 32. R3e2 $13 1/2-1/2

[Event "Tilburg"]
[Site "Tilburg"]
[Date "1994.??.??"]
[Round "1"]
[White "Hansen, Lars Bo"]
[Black "Xie, Jun"]
[Result "1-0"]
[WhiteElo "2580"]
[BlackElo "2515"]
[Annotator "Wedberg,T"]
[PlyCount "91"]
[EventDate "1994.09.??"]
[EventType "k.o."]
[EventRounds "7"]
[EventCountry "NED"]
[SourceTitle "CBM 044"]
[Source "ChessBase"]
[SourceDate "1995.02.01"]
[SourceVersion "1"]
[SourceVersionDate "1995.02.01"]
[SourceQuality "1"]

1. e4 e5 2. Nf3 Nc6 3. Bb5 a6 4. Ba4 Nf6 5. O-O Be7 6. Bxc6 dxc6 7. Qe2 Nd7 (
7... Bg4 8. h3 Bxf3 9. Qxf3 O-O 10. d3 Nd7 11. Qg3 f6 12. f4 exf4 13. Bxf4 Nc5
$13 {Tiviakov,S-Adams,M/New York m/1994}) 8. b3 (8. d4 $5) 8... O-O 9. Bb2 Bf6
$6 {Always a bad square for the B in this line} (9... f6) 10. d3 Re8 11. Nbd2
Nf8 (11... g6 12. Nc4 Bg7 13. a4 a5 14. Bc3 b6 15. Nfd2 Nc5 16. Rae1 $14) 12.
Nc4 $14 {>< e5, >< Bf6} Ng6 13. Qe3 a5 $6 (13... b5 $5 14. Ncd2 Qd6 {/\ Be6, c5
}) 14. a4 b6 15. Bc3 $16 {By preventing b5 forever White secures the important
square c4 for a N} Qe7 16. Rae1 c5 17. Kh1 Ba6 18. Nfd2 Rad8 19. Qf3 Bc8 20.
Ne3 Be6 21. Ndc4 Qd7 22. Qd1 {Preparing for the standard attack with g3 and f4}
Bxc4 23. Nxc4 Qe6 24. g3 Ne7 25. Ne3 Nc6 26. Nd5 Rd7 27. f4 Nd4 28. f5 Qc6 29.
Bd2 {/\ g4-g5} Rxd5 30. exd5 Qxd5+ 31. Re4 Rd8 32. Rf2 h6 33. Kg1 Qd7 34. Bc3
Qd5 35. Qg4 Kf8 36. h4 Kg8 37. Qh5 Qd7 38. Kh2 Kf8 39. Bb2 Kg8 40. Bc1 Kf8 41.
g4 Nxc2 $5 42. g5 $1 (42. Rxc2 Qxd3 43. Ree2 (43. Rce2 $6 Qf3 $1 $132) 43... e4
44. Bf4 Qf3 45. Rf2 $18) 42... Qxd3 43. gxf6 $1 $18 Qxe4 44. fxg7+ Ke7 45. Re2
Qd3 46. f6+ 1-0

[Event "EU-ch 2nd"]
[Site "Ohrid"]
[Date "2001.06.09"]
[Round "8"]
[White "Sutovsky, Emil"]
[Black "Romanishin, Oleg M"]
[Result "1-0"]
[WhiteElo "2604"]
[BlackElo "2559"]
[Annotator "Wedberg,T"]
[PlyCount "83"]
[EventDate "2001.06.01"]
[EventType "swiss"]
[EventRounds "13"]
[EventCountry "YUG"]
[SourceTitle "CBM 084"]
[Source "ChessBase"]
[SourceDate "2001.09.13"]
[SourceVersion "1"]
[SourceVersionDate "2001.09.13"]
[SourceQuality "1"]

1. e4 e5 2. Nf3 Nc6 3. Bb5 a6 4. Ba4 Nf6 5. O-O Be7 6. Bxc6 {The old Stenwijk
variation. It's strictly positional, but not considered very dangerous these
days. In the sixties Vlastimil Hort scored heavily with this line.} dxc6 7. d3
Nd7 (7... Bd6 8. Nbd2 c5 9. Nc4 Qe7 {[%cal Yf6d7,Yd7b8,Yb8c6] planning to take
the N to c6 is an interesting but little played alternative.}) 8. Nbd2 {
White's hopes that his better P-formation and energetic N:s will be more worth
than Black's pair of B:s.} O-O (8... f6 9. Nh4 g6 (9... Nf8 $5) 10. Nc4 Nc5 11.
Be3 (11. f4 $6 {is tempting but bad.} exf4 12. Bxf4 Be6 $1 {/\g5} (12... g5 $2
13. Qh5+ Kd7 14. Bxg5 fxg5 15. Ne5+ $18) 13. e5 f5 14. Nf3 Bxc4 15. dxc4 Qxd1
16. Raxd1 Ne6 $15 {0-1 Repkova Eid,E-Pinter,J/Dortmund 1995/CBM 48 ext (59)})
11... Be6 12. Na5 Rb8 (12... Bc8 13. f4 exf4 14. Rxf4 $14 {1-0 Wedberg,
T-Pinter,J/Helsinki 1983/MCD (45)}) 13. b4 Nd7 14. Qd2 c5 15. bxc5 Nxc5 16.
Rfb1 $14 {1-0 Wedberg,T-Schandorff,L/Naestved 1988/EXT 2000 (29)}) 9. Nc4 Bf6 {
This has always been considered inferior to 9. - f6. Black locks a lot of
resources in the defence of e5. The B on f6 is also vulnerable to both the
manouvre h3, Nh2-g4 and Bd2-c3 followed by a later f4.} (9... f6 10. Nh4 Nc5
11. Qf3 (11. Nf5 Bxf5 12. exf5 Qd5 13. Qg4 e4 $11) 11... Ne6 12. Nf5 (12. Be3
$5) 12... Nd4 13. Nxd4 Qxd4 (13... exd4 $5) 14. Be3 Qd8 15. Na5 Bb4 16. Nb3 Bd6
17. Qe2 Qe7 18. f3 a5 19. a4 Be6 {1/2-1/2 Hort,V-Spassky,B/Reykjavik 1977/
Candidates (19)}) 10. Bd2 Re8 11. Bc3 c5 12. a4 b6 13. h3 {[%cal Yf3h2,Yh2g4]}
Rb8 (13... g6 14. Qc1 Bg7 15. Nh2 Nb8 16. f4 f6 17. fxe5 fxe5 18. Nf3 Nc6 19.
Qe1 Nd4 $14 {1-0 Hort,V-Barcza,G/Kecskemet 1966/MCD (47)}) (13... a5 14. Qd2
Re6 15. b3 Qe8 16. Ng5 Bxg5 17. Qxg5 f6 18. Qg3 Nf8 19. f4 $36 {1-0 Hort,
V-Geller,E/Prague 1966/EXT 99 (41)}) 14. Nh2 $146 ({White hurries with his
plans rather than waste time with} 14. b3 Bb7 (14... Re6 15. Qd2 h6 16. Ne3 Bg5
17. Nxg5 hxg5 $11 {1/2-1/2 Kostro,J-Ortega,R/Polanica Zdroj 1967/MCD (28)}) 15.
Nh2 b5 16. axb5 axb5 17. Na5 Ba8 18. Ng4 Bg5 $13 {1-0 Bjelajac,M-Nikolac,J/
Zagreb 1977/MCD (78)}) 14... Nf8 15. Ng4 Ng6 16. g3 {White is playing for f4,
but is it a threat? Black is feeling the pressure increasing and gives White a
helping hand.} Bg5 $2 (16... b5 17. axb5 axb5 18. Nce3 Be6 19. f4 $36) (16...
Bd7 17. f4 $6 (17. Qf3 $5) (17. Nce3 $5) 17... Bxg4 18. Qxg4 exf4 $15) 17.
Ncxe5 $1 h5 (17... Nxe5 18. Nxe5 Bxh3 19. Qh5 Rxe5 20. Qxh3 Re6 21. f4 $36) 18.
Nxg6 $1 (18. Nc6 Qd6 19. Nxb8 hxg4 $132 {[%csl Rb8]}) 18... fxg6 (18... hxg4 $2
19. Ne5 $18 {[%cal Ye5c6]}) 19. Ne5 Bxh3 20. Nxg6 $1 Bg4 (20... Bxf1 21. Qxh5
$16) 21. f3 Qd6 22. Ne5 Rxe5 23. fxg4 Rxe4 24. Qf3 $1 {White emerges from the
fight with a clear P to the good.} Re7 25. gxh5 Be3+ 26. Kg2 Bd4 27. Rae1 Bxc3
28. bxc3 Rxe1 29. Qf7+ Kh7 30. Qf5+ Kh8 31. Rxe1 Rf8 32. Qe6 Qxe6 33. Rxe6 c4
34. d4 Rf5 35. Re5 $1 $18 Rxe5 36. dxe5 a5 37. g4 b5 38. e6 Kg8 39. g5 bxa4 40.
h6 gxh6 41. gxh6 a3 42. e7 1-0

[Event "Veterans-Women"]
[Site "Monte Carlo"]
[Date "1994.??.??"]
[Round "10"]
[White "Smyslov, Vassily V"]
[Black "Xie, Jun"]
[Result "1/2-1/2"]
[WhiteElo "2530"]
[BlackElo "2515"]
[Annotator "Wedberg,T"]
[PlyCount "49"]
[EventDate "1994.06.??"]
[EventType "schev"]
[EventRounds "6"]
[EventCountry "MNC"]
[SourceTitle "CBM 042"]
[Source "ChessBase"]
[SourceDate "1994.10.01"]
[SourceVersion "1"]
[SourceVersionDate "1994.10.01"]
[SourceQuality "1"]

1. e4 e5 2. Nf3 Nc6 3. Bb5 a6 4. Ba4 Nf6 5. O-O Be7 6. Bxc6 dxc6 7. d3 Nd7 8.
Nbd2 O-O 9. Nc4 f6 10. d4 exd4 11. Nxd4 Nb6 {N} (11... Ne5 12. Nxe5 fxe5 13.
Nb3 Qe8 $10) (11... Nc5 12. f3 a5 13. a4 Qe8 14. b3 b6 15. Qe2 Rf7 16. Bb2 Bf8
17. Rfe1 $14 {Semeniuk-Ibragimov/Smolensk/1991/1/4-1/4/20}) 12. Ne3 Re8 13. c3
Bf8 14. Qb3+ Kh8 15. Rd1 Qe7 16. f3 Qe5 17. Nf1 Bd6 18. Be3 Qe7 19. Bf2 c5 $10
20. Nf5 Bxf5 21. exf5 c4 22. Qc2 Bc5 23. Re1 Bxf2+ 24. Qxf2 Qd7 25. Ng3 1/2-1/2

[Event "Veterans-Women"]
[Site "Monte Carlo"]
[Date "1994.??.??"]
[Round "6"]
[White "Hort, Vlastimil"]
[Black "Xie, Jun"]
[Result "1/2-1/2"]
[WhiteElo "2535"]
[BlackElo "2515"]
[Annotator "Wedberg,T"]
[PlyCount "65"]
[EventDate "1994.06.??"]
[EventType "schev"]
[EventRounds "6"]
[EventCountry "MNC"]
[SourceTitle "CBM 042"]
[Source "ChessBase"]
[SourceDate "1994.10.01"]
[SourceVersion "1"]
[SourceVersionDate "1994.10.01"]
[SourceQuality "1"]

1. e4 e5 2. Nf3 Nc6 3. Bb5 a6 4. Ba4 Nf6 5. O-O Be7 6. Bxc6 dxc6 7. d3 Nd7 8.
Nbd2 O-O 9. Nc4 f6 10. Nh4 Nc5 11. Nf5 Bxf5 12. exf5 Qd7 13. Qf3 Rfe8 14. Re1 {
N} (14. Be3 $6 Qd5 15. Qg4 e4 16. Bh6 Bf8 17. Ne3 Qf7 18. d4 Na4 $15 {Hort})
14... Bf8 15. Nd2 Rad8 16. Ne4 Qf7 17. Be3 Nxe4 18. Qxe4 {+/=/=} Qd5 19. Kf1
Rd7 20. a4 Red8 21. g4 Qxe4 22. dxe4 Bb4 23. c3 Ba5 24. Ra3 Bb6 25. a5 Bxe3 26.
Rxe3 Kf7 27. Rb3 Rb8 28. h4 h6 29. c4 (29. Ke2 b5 30. axb6 Rxb6 31. Rxb6 cxb6
$10) 29... Rd4 30. c5 Ra4 31. Ra3 Rb4 32. Rab3 Ra4 33. Ra3 1/2-1/2

[Event "Ostrava"]
[Site "Ostrava"]
[Date "1993.??.??"]
[Round "?"]
[White "Kovalev, Andrei"]
[Black "Biolek, Richard"]
[Result "1-0"]
[WhiteElo "2545"]
[BlackElo "2415"]
[Annotator "Wolff,P"]
[PlyCount "65"]
[EventDate "1993.09.??"]
[EventType "tourn"]
[EventRounds "9"]
[EventCountry "CZE"]
[EventCategory "10"]
[SourceTitle "CBM 038"]
[Source "ChessBase"]
[SourceDate "1994.02.01"]
[SourceVersion "1"]
[SourceVersionDate "1994.02.01"]
[SourceQuality "1"]

1. e4 e5 2. Nf3 Nc6 3. Bb5 a6 4. Ba4 Nf6 5. O-O Be7 6. Bxc6 dxc6 7. Qe1 $5 (7.
Nc3 Bg4 8. h3 Bh5 9. g4 Nxg4 $1 10. hxg4 Bxg4 $44 {><f3}) (7. Qe2 Bg4 8. h3
Bxf3 9. Qxf3 O-O 10. Nc3 Nd7 11. Qg3 (11. d3 Nc5 $1 12. Qg3 Ne6 $1 $10 13. Qxe5
$140 Nd4) 11... Bh4 12. Qg4 Bf6 13. d3 Nc5 $10 {/\14...Ne6}) (7. d3 {Main Line}
) 7... Nd7 (7... Bd6 $2 8. d4) (7... Qd6 8. d4) (7... O-O 8. Nxe5 Qd4 9. Nf3
Qxe4 10. Qxe4 Nxe4 11. Re1 $18) (7... c5 8. Nxe5 Qd4 9. Nf3 Qxe4 10. Qxe4 Nxe4
11. Re1 Nd6 12. Nc3 $14 Kd8 13. d4 c4 14. Bf4 Re8 15. b3 cxb3 16. axb3 Bg4 17.
Ne5 Bf5 18. Nd5 Bxc2 19. Rac1 Bxb3 20. Nxf7+ $3 {1-0, Christiansen-Nunn, 1989})
8. b3 O-O (8... c5 $142 9. Bb2 (9. Nc3 Nb8 (9... c6 10. a4 a5 11. d3 $14) 10.
Nd5 Nc6 11. Bb2 f6 $10) 9... f6 (9... Bd6 $5 10. a4 Nb8 11. Na3 Nc6 12. Nc4 f6
$10) 10. Nh4 $1 $14 {><f5, /\Nc3, f2-f4}) 9. Bb2 f6 10. d4 exd4 11. Nxd4 $14
Nc5 12. Na3 $5 (12. Nd2) 12... Qe8 13. Nc4 b5 14. Nd2 Ne6 (14... Bd6 15. f4 (
15. Qe3 $14) 15... g5 $2 16. fxg5 fxg5 17. Rxf8+ (17. Nf5 Bxf5 18. exf5 Bf4
$132) 17... Kxf8 18. Qf2+ Kg8 (18... Qf7 19. Qxf7+ Kxf7 20. Rf1+ Ke8 21. e5 Bf8
22. Nxc6 $16) 19. Nf5 $16) 15. Qe3 c5 16. Nxe6 Bxe6 17. f4 Rd8 18. Rae1 c4 19.
f5 $1 Bf7 20. e5 Qc6 21. Ne4 Bd5 (21... cxb3 22. exf6 gxf6 23. Qh6 Bd5 24. Rf4
(24. Ng5 $4 Bc5+) 24... Rf7 25. cxb3 $16) 22. exf6 gxf6 23. Rf4 Kh8 24. bxc4 $2
{Why destroy the pawn structure?} (24. Rh4 $142) 24... bxc4 $2 (24... Bxe4 $2
25. Qxe4) (24... Qxc4 $4 25. Nxf6 $18) (24... Bxc4 $1 25. Rh4 Rf7 $15 26. Ng5
Rg7 27. Nxh7) 25. Bd4 $16 Bxe4 26. Rxe4 Bb4 27. Re6 Qd5 28. c3 Rd6 29. Re8 Rxe8
30. Qxe8+ Qg8 31. Qe7 Qg7 32. Qe4 Ba5 33. Qa8+ 1-0